Paroles - NZH Princess - Statistiques

Statistiques générales
  • Ce quiz a été pris 2 fois
  • Le résultat moyen est 429 sur 477
Statistiques - réponses
Réponse % Correct
à
100%
aies
100%
ailes
100%
ailles
100%
allumer
100%
arc-en-ciel
100%
au
100%
baby
100%
baby,
100%
belle
100%
bonheur
100%
bout
100%
celle
100%
cerveau
100%
c'est
100%
C'est
100%
ceux
100%
coeur
100%
confiance
100%
couleurs
100%
Crois-moi
100%
crois-moi
100%
de
100%
décibel
100%
des
100%
dictons
100%
donne
100%
douce,
100%
Du
100%
du
100%
d'un
100%
en
100%
es
100%
essentiel
100%
et
100%
étincelle
100%
faire
100%
faut
100%
flamme,
100%
fond
100%
formel
100%
garder
100%
hauteur
100%
inspiration,
100%
J'ai
100%
J'aimerais
100%
je
100%
Je
100%
J'inventerai
100%
J'irai
100%
J'irais
100%
jours
100%
la
100%
100%
l'air
100%
langue
100%
le
100%
les
100%
loin
100%
loin,
100%
l'oppression
100%
love
100%
ma
100%
Ma
100%
me
100%
mes
100%
Mes
100%
moi
100%
mon
100%
Mon
100%
moteur,
100%
mots
100%
my
100%
My
100%
naturel
100%
Ne
100%
ne
100%
Oh
100%
oh
100%
peine,
100%
plus
100%
poumons
100%
pour
100%
Pour
100%
près
100%
prince
100%
princess
100%
princess,
100%
que
100%
qui
100%
regard
100%
respect
100%
sans
100%
s'envole,
100%
serais
100%
Si
100%
s'il
100%
sincère
100%
So
100%
sont
100%
suis
100%
superficiel
100%
ta
100%
tant
100%
te
100%
t'en
100%
toi,
100%
toi
100%
ton
100%
toujours
100%
Tous
100%
trop
100%
Tu
100%
tu
100%
tunnel
100%
un
100%
visage,
100%
vivre
100%
Vivre
100%
Voici
100%
vraie,
100%
100%
50%
Aussi
50%
battrais
50%
Bien
50%
brûle
50%
bye
50%
Car
50%
charmant
50%
cherche
50%
côtés
50%
décrocher
50%
dire
50%
d'une
50%
Ensemble
50%
étoile
50%
être
50%
gentleman
50%
Honnête,
50%
idéal
50%
J'me
50%
j'suis
50%
laisse
50%
longtime,
50%
lune
50%
Même
50%
on
50%
paille
50%
pas
50%
pleurer
50%
principal
50%
pure
50%
seconde
50%
showtime
50%
s'installe
50%
sur
50%
temps
50%
tes
50%
veux
50%
voix,
50%
and
0%
beauty
0%
day
0%
erreurs
0%
fly
0%
gal
0%
lova
0%
lova,
0%
m'ensorcellent
0%
night
0%
papel
0%
pourrais
0%
pricesse,
0%
suis-moi
0%
Viens
0%
Aucun quiz correspondant
Distribution des résultats
% des personnes avec chaque résultat
Percentile par nombre de réponses
Votre historique - résultats
Vous n’avez pas pris ce quiz